Music by Numbers Quiz Stats

 Plays Quiz Updated Dec 13, 2017

Also try: Movies by Numbers
Challenge
Share
Tweet
Embed
Score 0/55 Timer 06:00
0 Plays Today
% Correct
Michael
93%
Elvis Presley
88.7%
Janet
85%
My Shirt
82.3%
Posh Spice
79.2%
Strings
76.9%
Percussion
76%
Woodwind
75.8%
Brass
75.5%
Sporty Spice
75.2%
Baby Spice
74.3%
Scary Spice
72.6%
A Deer, A Female Deer
72.4%
Ginger Spice
69.3%
Tito
68.1%
A Name I Call Myself
66.1%
A Drop of Golden Sun
63.1%
A Long Long Way to Run
61.8%
Jermaine
59.6%
A Needle Pulling Thread
55.1%
Karen Carpenter
54.3%
Luciano Pavarotti
52.9%
My Car
52.6%
A Drink with Jam and Bread
52.4%
(I Can't Get No) Satisfaction
48.6%
A Note to Follow So (Sol)
48.4%
London Calling
43.3%
La Toya
41.9%
% Correct
Plácido Domingo
37.9%
Brown Sugar
33.3%
This Song
33%
My Cat
32%
Paint It Black
30.1%
My Hat
27.5%
Marlon
26.4%
Milan
25.3%
Randy
24.2%
José Carreras
23%
Richard Carpenter
22.6%
Japan
22.4%
New York
21.1%
The Clash
20.1%
Jackie
20%
My Love
19.9%
Angie
19.5%
Your Party
13.7%
Ruby Tuesday
12.6%
Combat Rock
11.5%
Sandinista!
10.5%
Get Off of My Cloud
9.2%
Miss You
8.3%
Give 'Em Enough Rope
7.3%
Honky Tonk Women
7%
Rebbie
6.5%
Cut the Crap
4.6%

You're not logged in!

Compare scores with friends on all Sporcle quizzes.
OR
Log In

You Might Also Like...

Show Comments

Extras

Top Quizzes Today


Score Distribution

Your Account Isn't Verified!

In order to create a playlist on Sporcle, you need to verify the email address you used during registration. Go to your Sporcle Settings to finish the process.

Report this User

Report this user for behavior that violates our Community Guidelines.

Details: